Температурное состояние нефте- и продуктопроводов в переходный период; Известия вузов. Нефть и газ; № 1

Detalles Bibliográficos
Parent link:Известия вузов. Нефть и газ.— , 1958-1992
№ 1.— 1985.— С. 60-68
Autor Principal: Фурман А. В.
Idioma:ruso
Publicado: 1985
Subjects:
Formato: Capítulo de libro
KOHA link:https://koha.lib.tpu.ru/cgi-bin/koha/opac-detail.pl?biblionumber=455964

MARC

LEADER 00000naa2a2200000 4500
001 455964
005 20231101084512.0
035 |a (RuTPU)RU\TPU\prd\119173 
035 |a RU\TPU\tpu\12786 
090 |a 455964 
100 |a 20110909a1985 k y0rusy50 ca 
101 0 |a rus 
102 |a RU 
200 1 |a Температурное состояние нефте- и продуктопроводов в переходный период  |f А. В. Фурман 
320 |a Библиогр.: 15 назв. 
461 0 |0 (RuTPU)RU\TPU\prd\783  |t Известия вузов. Нефть и газ  |d 1958-1992 
463 0 |0 (RuTPU)RU\TPU\prd\119172  |t № 1  |v С. 60-68  |d 1985 
610 1 |a продуктопроводы 
610 1 |a нефтепроводы 
610 1 |a переходный период 
610 1 |a температурное состояние 
610 1 |a труды учёных ТПУ 
700 1 |a Фурман  |b А. В. 
801 1 |a RU  |b 63413507  |c 20060313  |g PSBO 
801 2 |a RU  |b 63413507  |c 20190412  |g RCR 
942 |c BK